[Event "BRA-ch 90th"]
[Site "Natal"]
[Date "2024.12.17"]
[Round "7"]
[White "Samuel, Lucas Barboza Dos S"]
[Black "Da Silva, Cibele Florencio"]
[Result "0-1"]
[WhiteElo "1402"]
[BlackElo "1592"]
[PlyCount "66"]
[EventDate "2024.12.13"]
[EventType "swiss"]
[EventRounds "11"]
[EventCountry "BRA"]
[SourceTitle "CB52_2024"]
[SourceDate "2024.12.25"]
[SourceVersion "1"]
[SourceVersionDate "2024.12.25"]
[SourceQuality "1"]

1. e4 c5 2. Nf3 e6 3. d4 cxd4 4. Nxd4 Bc5 5. Bb5 Qb6 6. c3 Bxd4 7. Qxd4 Qxd4 8. cxd4 a6 9. Ba4 Nf6 10. e5 Nd5 11. 0-0 Nc6 12. Nc3 Nxd4 13. Rd1 Nxc3 14. bxc3 Ne2+ 15. Kf1 Nxc3 16. Rd4 Nxa4 17. Rxa4 0-0 18. Ba3 Re8 19. Bd6 b5 20. Rb4 Bb7 21. Rc1 Bc6 22. Rb3 Rac8 23. Rbc3 a5 24. a3 h6 25. Kg1 Bb7 26. Kf1 Rxc3 27. Rxc3 Rc8 28. Rb3 Rc1+ 29. Ke2 Bxg2 30. Kd2 Rh1 31. Rxb5 a4 32. Ra5 Bc6 33. Kc3 Rxh2 0-1

[Event "BRA-ch (Women) 61st"]
[Site "Recife"]
[Date "2022.12.15"]
[Round "1"]
[White "Bail, Ellen Larissa"]
[Black "Da Silva, Cibele Florencio"]
[Result "1-0"]
[WhiteElo "1875"]
[BlackElo "1415"]
[PlyCount "103"]
[EventDate "2022.12.15"]
[EventType "swiss"]
[EventRounds "9"]
[EventCountry "BRA"]
[SourceTitle "EXT 2024"]
[Source "ChessBase"]
[SourceDate "2023.10.10"]
[SourceVersion "1"]
[SourceVersionDate "2023.10.10"]
[SourceQuality "1"]

1. d4 d5 2. Nf3 Nf6 3. g3 Bf5 4. Bg2 e6 5. 0-0 Nc6 6. c4 Be7 7. Qb3 Rb8 8. Rd1 0-0 9. cxd5 exd5 10. Nc3 Nb4 11. Ne1 c6 12. a3 Na6 13. Qa4 Qc8 14. b4 b5 15. Qb3 Bd6 16. Bg5 Nh5 17. Rac1 Qd7 18. Nb1 h6 19. Be3 Rfe8 20. Rc3 Rbc8 21. Rdc1 Nb8 22. Nd2 Nf6 23. Qd1 Re7 24. Nb3 Rc7 25. Nc5 Qc8 26. Ned3 Ng4 27. Bf4 Bxf4 28. Nxf4 g5 29. Nfd3 Qe8 30. e3 Nf6 31. Ne5 Nbd7 32. Ncxd7 Nxd7 33. Nxc6 Re6 34. Ne7+ Rxe7 35. Rxc7 Nf6 36. Qf3 Rxc7 37. Rxc7 Qe6 38. Rxa7 Be4 39. Qd1 Bxg2 40. Kxg2 Ng4 41. Ra8+ Kg7 42. Qf3 Nf6 43. a4 Qc6 44. Ra5 bxa4 45. Qd1 Qe8 46. Rxa4 Qe4+ 47. Qf3 Qc2 48. Ra6 Ne4 49. Ra7 Nf6 50. h3 h5 51. b5 Qb3 52. Qf5 1-0

[Event "BRA Amateur-ch U1800"]
[Site "Sao Paulo"]
[Date "2022.11.04"]
[Round "4"]
[White "Da Silva, Cibele Florencio"]
[Black "Cufone Filho, Alberto Carmeno"]
[Result "1/2-1/2"]
[WhiteElo "1418"]
[BlackElo "1337"]
[PlyCount "75"]
[EventDate "2022.11.03"]
[EventType "swiss"]
[EventRounds "7"]
[EventCountry "BRA"]
[SourceTitle "CBM 211 Extra"]
[Source "ChessBase"]
[SourceDate "2023.01.31"]
[SourceVersion "1"]
[SourceVersionDate "2023.01.31"]
[SourceQuality "1"]

1. e4 c5 2. Nf3 d6 3. Bc4 Nf6 4. Nc3 Bg4 5. h3 Bh5 6. g4 Bg6 7. d3 e6 8. Nh4 Be7 9. Nxg6 hxg6 10. Qf3 a6 11. e5 dxe5 12. Qxb7 Nbd7 13. Qc6 Rc8 14. Qxa6 Nxg4 15. f3 Bh4+ 16. Ke2 Nh6 17. Bxh6 gxh6 18. Ne4 0-0 19. Rag1 g5 20. Bb5 Nf6 21. Rd1 Nd5 22. c3 Ra8 23. Qd6 Rxa2 24. Rd2 Qxd6 25. Nxd6 Rfa8 26. Bc4 Nf4+ 27. Ke3 Ra1 28. Rdd1 Rxd1 29. Rxd1 Nxh3 30. Ne4 Ra4 31. Nf6+ Kg7 32. Ng4 Bg3 33. Rh1 Nf4 34. Nxh6 Ng2+ 35. Ke2 Nf4+ 36. Ke3 Nd5+ 37. Ke2 Nf6 38. Ng4 1/2-1/2

[Event "Joao Pessoa Paraibano"]
[Site "Joao Pessoa"]
[Date "2022.08.21"]
[Round "5"]
[White "Da Silva, Cibele Florencio"]
[Black "Da Silva, Maria Gabriele"]
[Result "0-1"]
[WhiteElo "1423"]
[BlackElo "1437"]
[PlyCount "150"]
[EventDate "2022.08.19"]
[EventType "swiss"]
[EventRounds "5"]
[EventCountry "BRA"]
[SourceTitle "EXT 2024"]
[Source "ChessBase"]
[SourceDate "2023.10.10"]
[SourceVersion "1"]
[SourceVersionDate "2023.10.10"]
[SourceQuality "1"]

1. d4 e6 2. Nf3 d6 3. Bf4 g6 4. e3 Bg7 5. Be2 Nf6 6. Nc3 a6 7. Bg5 Nbd7 8. d5 e5 9. Ne4 h6 10. Nxf6+ Bxf6 11. Bxf6 Nxf6 12. Bc4 Bg4 13. h3 Bxf3 14. Qxf3 e4 15. Qe2 b5 16. Bb3 Nd7 17. f3 f5 18. fxe4 fxe4 19. Qg4 Ne5 20. Qxe4 Qg5 21. 0-0-0 0-0 22. Rhf1 Rae8 23. Rxf8+ Rxf8 24. a4 b4 25. h4 Qg4 26. Qxg4 Nxg4 27. Re1 Rf2 28. Bc4 a5 29. Bd3 Ne5 30. Bf1 Nd7 31. b3 Nf6 32. g3 Ne4 33. g4 Nd2 34. Re2 Rxf1+ 35. Kxd2 Rg1 36. h5 Rxg4 37. hxg6 Rxg6 38. c3 h5 39. cxb4 axb4 40. Rh2 Rg5 41. e4 Kg7 42. a5 Kh6 43. Ke1 Re5 44. Re2 h4 45. Kf1 Kg5 46. Kf2 Kg4 47. a6 h3 48. a7 Re8 49. Ra2 Ra8 50. Ra1 Kf4 51. Ra4 Kxe4 52. Rxb4+ Kxd5 53. Ra4 Kc6 54. Kg3 Kb5 55. Kxh3 c5 56. Kg3 d5 57. Ra1 Kb4 58. Rd1 d4 59. Rb1 Rxa7 60. Kf3 Ra3 61. Ke2 Rxb3 62. Rc1 c4 63. Kd2 d3 64. Ke3 Rb2 65. Kd4 Rc2 66. Rb1+ Ka3 67. Ke3 d2 68. Ke2 Rc1 69. Kxd2 Rxb1 70. Kc3 Rc1+ 71. Kd2 Kb2 72. Ke3 c3 73. Kd3 c2 74. Kd2 Rd1+ 75. Ke3 c1Q+ 0-1

[Event "Teresina Nordeste Cup"]
[Site "Teresina"]
[Date "2022.07.22"]
[Round "1"]
[White "Andrade, Roberto Luiz Costa"]
[Black "Da Silva, Cibele Florencio"]
[Result "1-0"]
[WhiteElo "1988"]
[BlackElo "1430"]
[PlyCount "71"]
[EventDate "2022.07.22"]
[EventType "swiss"]
[EventRounds "6"]
[EventCountry "BRA"]
[SourceTitle "CBM 209 Extra"]
[Source "ChessBase"]
[SourceDate "2022.09.30"]
[SourceVersion "1"]
[SourceVersionDate "2022.09.30"]
[SourceQuality "1"]

1. e4 e5 2. Nf3 Nc6 3. Bc4 Bc5 4. 0-0 h6 5. c3 a6 6. d4 Bd6 7. dxe5 Nxe5 8. Nxe5 Bxe5 9. Qh5 Qf6 10. Bxf7+ Qxf7 11. Qxe5+ Kd8 12. Be3 Nf6 13. f3 d6 14. Qd4 Rf8 15. c4 Ng4 16. Bd2 Ne5 17. c5 Nc6 18. Qe3 Qc4 19. cxd6 cxd6 20. Bc3 Nb4 21. Qb6+ Ke7 22. Bxb4 Rf6 23. e5 Rg6 24. Bxd6+ Ke8 25. Na3 Qf7 26. e6 Bxe6 27. Rae1 Qd7 28. Nc4 Qc6 29. Qxc6+ bxc6 30. f4 Kd8 31. Nb6 Bh3 32. Rf2 Ra7 33. Rd2 Rb7 34. Be7+ Ke8 35. Rd8+ Kf7 36. Rf8# 1-0

[Event "BRA-ch Amateur U1600"]
[Site "Sao Paulo"]
[Date "2022.06.18"]
[Round "5"]
[White "Kim, Andre"]
[Black "Da Silva, Cibele Florencio"]
[Result "0-1"]
[WhiteElo "1132"]
[BlackElo "1423"]
[PlyCount "118"]
[EventDate "2022.06.16"]
[EventType "swiss"]
[EventRounds "7"]
[EventCountry "BRA"]
[SourceTitle "CBM 208 Extra"]
[Source "ChessBase"]
[SourceDate "2022.07.31"]
[SourceVersion "1"]
[SourceVersionDate "2022.07.31"]
[SourceQuality "1"]

1. e4 e5 2. Nf3 Nc6 3. Bb5 d6 4. Nc3 a6 5. Be2 Nf6 6. d3 h6 7. h3 Be7 8. Be3 d5 9. exd5 Nxd5 10. Bd2 Nxc3 11. Bxc3 f6 12. Qd2 a5 13. 0-0 Be6 14. Qe3 Nb4 15. Bxb4 axb4 16. b3 Bf7 17. Nh4 Qd4 18. Qxd4 exd4 19. Nf5 g6 20. Nxd4 Bd6 21. f4 Bc5 22. Kh1 Bxd4 23. Rae1 0-0 24. Bf3 c6 25. Re4 Bc5 26. Re2 Rxa2 27. Rd1 Bd6 28. g3 Raa8 29. d4 Rae8 30. Red2 Re3 31. Kg2 Bd5 32. Rf2 Bxf3+ 33. Rxf3 Rxf3 34. Kxf3 Re8 35. d5 cxd5 36. Rxd5 Bf8 37. Rb5 Rc8 38. Rxb7 Rxc2 39. Kg4 h5+ 40. Kh4 Rc3 41. g4 hxg4 42. hxg4 Rxb3 43. f5 gxf5 44. gxf5 Rd3 45. Kh5 Rg3 46. Kh4 Rg5 47. Rb5 Rg1 48. Kh5 Rb1 49. Kg6 b3 50. Kxf6 b2 51. Rb8 Rg1 52. Rxb2 Bg7+ 53. Ke7 Bxb2 54. f6 Re1+ 55. Kd6 Bxf6 56. Kd5 Kf7 57. Kd6 Re6+ 58. Kd5 Ke7 59. Kc5 Rd6 0-1

[Event "BRA-ch Amateur U1600"]
[Site "Sao Paulo"]
[Date "2022.06.17"]
[Round "3"]
[White "Da Silva, Cibele Florencio"]
[Black "Olivo, Anibal Ribeiro"]
[Result "1/2-1/2"]
[WhiteElo "1423"]
[BlackElo "1591"]
[PlyCount "91"]
[EventDate "2022.06.16"]
[EventType "swiss"]
[EventRounds "7"]
[EventCountry "BRA"]
[SourceTitle "CBM 208 Extra"]
[Source "ChessBase"]
[SourceDate "2022.07.31"]
[SourceVersion "1"]
[SourceVersionDate "2022.07.31"]
[SourceQuality "1"]

1. d4 Nf6 2. Nf3 g6 3. Bf4 Bg7 4. e3 0-0 5. h3 d6 6. c3 b6 7. Be2 Bb7 8. 0-0 Ne4 9. Nbd2 Nxd2 10. Qxd2 Nd7 11. Qc2 c5 12. Rfd1 cxd4 13. cxd4 Rc8 14. Qd2 Nf6 15. Rac1 Qd7 16. Rxc8 Rxc8 17. Rc1 Ne4 18. Rxc8+ Qxc8 19. Qd1 Qc6 20. Bf1 h6 21. Nd2 Nxd2 22. Qxd2 a5 23. Qc3 g5 24. Qxc6 Bxc6 25. Bh2 Bd5 26. b3 f5 27. Bc4 Bxc4 28. bxc4 Kf7 29. Kf1 Ke6 30. Ke2 h5 31. Kd3 Bh6 32. f3 h4 33. e4 fxe4+ 34. fxe4 Bg7 35. c5 bxc5 36. dxc5 dxc5 37. Kc4 Bd4 38. a4 Kd7 39. Kb5 e5 40. g3 Kc7 41. gxh4 gxh4 42. Kc4 Kc6 43. Kd3 Kd6 44. Kc4 Kc6 45. Kd3 Kd6 46. Kc4 1/2-1/2

[Event "Joao Pessoa Fischer Memorial 11th"]
[Site "Joao Pessoa"]
[Date "2022.05.07"]
[Round "3"]
[White "Da Silva, Cibele Florencio"]
[Black "Silva, Siderley Junior"]
[Result "0-1"]
[WhiteElo "1389"]
[BlackElo "1903"]
[PlyCount "102"]
[EventDate "2022.05.06"]
[EventType "swiss"]
[EventRounds "6"]
[EventCountry "BRA"]
[SourceTitle "EXT 2023"]
[Source "ChessBase"]
[SourceDate "2022.10.05"]
[SourceVersion "1"]
[SourceVersionDate "2022.10.05"]
[SourceQuality "1"]

1. d4 Nf6 2. Bf4 g6 3. Nf3 Bg7 4. c3 0-0 5. e3 d6 6. h3 Nbd7 7. g4 b6 8. Rh2 Bb7 9. Bg2 e6 10. g5 Nh5 11. h4 Rb8 12. Nbd2 e5 13. Bg3 f5 14. gxf6 Bxf6 15. e4 Qe7 16. d5 a5 17. Qe2 Nc5 18. Qe3 Ba6 19. Bf1 Bxf1 20. Nxf1 a4 21. 0-0-0 b5 22. N1d2 b4 23. c4 Qd7 24. Qh6 Qg4 25. Ng5 Bxg5 26. Qxg5 Qxg5 27. hxg5 Rf7 28. Rg2 Rbf8 29. f3 Rb8 30. Rf1 c6 31. dxc6 Rc7 32. f4 exf4 33. Bxf4 Nxf4 34. Rh2 Rxc6 35. Kb1 Nfe6 36. Rf6 Nxg5 37. e5 Nce6 38. Nf3 Nxf3 39. Rxf3 dxe5 40. Re3 Rxc4 41. Rxe5 Nf8 42. Re7 Rbc8 43. Rh1 Rd8 44. Rf1 h5 45. Re5 b3 46. Rg1 Rg4 47. Rh1 Rg2 48. axb3 axb3 49. Rhe1 Rdd2 50. Kc1 Rxb2 51. Rg1 Rgc2+ 0-1

[Event "Wch Blitz (Women)"]
[Site "Warsaw"]
[Date "2021.12.30"]
[Round "15"]
[White "Da Silva, Cibele Florencio"]
[Black "Katkov, Michelle"]
[Result "0-1"]
[WhiteElo "1405"]
[BlackElo "2151"]
[PlyCount "46"]
[EventDate "2021.12.29"]
[EventType "swiss (blitz)"]
[EventRounds "17"]
[EventCountry "POL"]
[SourceTitle "CBM 205 Extra"]
[Source "ChessBase"]
[SourceDate "2022.01.31"]
[SourceVersion "1"]
[SourceVersionDate "2022.01.31"]
[SourceQuality "1"]

1. e4 e5 2. Nf3 Nc6 3. Nc3 Nf6 4. d3 Bc5 5. h3 d6 6. Bg5 h6 7. Bxf6 Qxf6 8. Qe2 Be6 9. Nb5 Qe7 10. c3 a6 11. Na3 Bxa3 12. bxa3 0-0 13. Rb1 b6 14. c4 f5 15. Nd2 Nd4 16. Qd1 fxe4 17. dxe4 Qh4 18. g3 Qf6 19. Rh2 Rab8 20. Rb2 b5 21. Be2 bxc4 22. Rxb8 Rxb8 23. Nxc4 Bxc4 0-1

[Event "Wch Blitz (Women)"]
[Site "Warsaw"]
[Date "2021.12.30"]
[Round "10"]
[White "Rudzinska, Michalina"]
[Black "Da Silva, Cibele Florencio"]
[Result "1-0"]
[WhiteElo "2215"]
[BlackElo "1405"]
[PlyCount "69"]
[EventDate "2021.12.29"]
[EventType "swiss (blitz)"]
[EventRounds "17"]
[EventCountry "POL"]
[SourceTitle "CBM 205 Extra"]
[Source "ChessBase"]
[SourceDate "2022.01.31"]
[SourceVersion "1"]
[SourceVersionDate "2022.01.31"]
[SourceQuality "1"]

1. e4 e5 2. Nf3 Nc6 3. Bb5 h6 4. 0-0 Nf6 5. Re1 d6 6. d4 Bd7 7. c3 a6 8. Ba4 Qe7 9. Nbd2 Nd8 10. Bc2 Bg4 11. h3 Bh5 12. Nf1 c6 13. Ng3 Bg6 14. Nh4 Ne6 15. Nxg6 fxg6 16. d5 Nc7 17. dxc6 bxc6 18. f4 Nd7 19. f5 g5 20. Bb3 Qf6 21. Qh5+ Kd8 22. Qf3 Nc5 23. Bc4 Be7 24. Be3 Nb7 25. Red1 Na5 26. Be2 Nb5 27. Bb6+ Ke8 28. Bxa5 Rg8 29. Bc4 Rh8 30. a4 Na7 31. Qh5+ Kd7 32. Be6+ Qxe6 33. fxe6+ Kxe6 34. Rf1 Raf8 35. Qg4+ 1-0

[Event "Wch Blitz (Women)"]
[Site "Warsaw"]
[Date "2021.12.29"]
[Round "4"]
[White "Da Silva, Cibele Florencio"]
[Black "Maisuradze, Nino"]
[Result "0-1"]
[WhiteElo "1405"]
[BlackElo "2202"]
[PlyCount "54"]
[EventDate "2021.12.29"]
[EventType "swiss (blitz)"]
[EventRounds "17"]
[EventCountry "POL"]
[SourceTitle "CBM 205 Extra"]
[Source "ChessBase"]
[SourceDate "2022.01.31"]
[SourceVersion "1"]
[SourceVersionDate "2022.01.31"]
[SourceQuality "1"]

1. e4 c5 2. Nc3 Nc6 3. Nf3 a6 4. Bc4 b5 5. Bd5 e6 6. Bxc6 dxc6 7. d3 Nf6 8. Bg5 h6 9. Bxf6 Qxf6 10. Rb1 Bd7 11. e5 Qg6 12. g3 Be7 13. Ne4 0-0 14. 0-0 c4 15. Nc3 cxd3 16. Qxd3 Qxd3 17. cxd3 c5 18. Rbd1 Bc6 19. Nd2 Rfd8 20. Nde4 b4 21. Nb1 c4 22. Ned2 cxd3 23. Nc4 Bf3 24. Rc1 Rac8 25. Ncd2 Be2 26. Rfe1 Rc2 27. Rxc2 dxc2 0-1

[Event "Wch Blitz (Women)"]
[Site "Warsaw"]
[Date "2021.12.29"]
[Round "7"]
[White "Da Silva, Cibele Florencio"]
[Black "Malicka, Maria"]
[Result "0-1"]
[WhiteElo "1405"]
[BlackElo "2307"]
[PlyCount "65"]
[EventDate "2021.12.29"]
[EventType "swiss (blitz)"]
[EventRounds "17"]
[EventCountry "POL"]
[SourceTitle "CBM 205 Extra"]
[Source "ChessBase"]
[SourceDate "2022.01.31"]
[SourceVersion "1"]
[SourceVersionDate "2022.01.31"]
[SourceQuality "1"]

1. e4 c6 2. Nf3 d5 3. d3 Bg4 4. Be2 e6 5. h3 Bxf3 6. Bxf3 Nd7 7. Nc3 Ngf6 8. Bg5 h6 9. Bxf6 Nxf6 10. e5 Nd7 11. d4 Bb4 12. Qd2 c5 13. a3 cxd4 14. axb4 dxc3 15. Qxc3 Rc8 16. Qd4 Rxc2 17. 0-0 a6 18. Rac1 Rxc1 19. Rxc1 0-0 20. Be2 Qb8 21. f4 Rc8 22. Rxc8+ Qxc8 23. Kh2 Qc6 24. Qd3 Nb6 25. Bd1 Qc4 26. Qd2 d4 27. Be2 Qd5 28. Qd3 Nd7 29. Bf3 Qb5 30. Qc2 Qxb4 31. Qc8+ Nf8 32. Be4 d3 33. Bxd3 0-1

[Event "Wch Blitz (Women)"]
[Site "Warsaw"]
[Date "2021.12.29"]
[Round "6"]
[White "Nur Mukhametova, Alisa"]
[Black "Da Silva, Cibele Florencio"]
[Result "1-0"]
[WhiteElo "2225"]
[BlackElo "1405"]
[PlyCount "32"]
[EventDate "2021.12.29"]
[EventType "swiss (blitz)"]
[EventRounds "17"]
[EventCountry "POL"]
[SourceTitle "CBM 205 Extra"]
[Source "ChessBase"]
[SourceDate "2022.01.31"]
[SourceVersion "1"]
[SourceVersionDate "2022.01.31"]
[SourceQuality "1"]

1. Nf3 d5 2. g3 Nf6 3. Bg2 Nc6 4. d4 e6 5. 0-0 h6 6. Nbd2 Bd6 7. c4 g5 8. e3 Qe7 9. c5 Bxc5 10. dxc5 Qxc5 11. b3 Rg8 12. Bb2 Nh5 13. Nd4 Ng7 14. Rc1 Qd6 15. Nxc6 bxc6 16. Nc4 Qd7 1-0

[Event "Potiguar-ch Interiorano"]
[Site "Parnamirim"]
[Date "2018.01.12"]
[Round "1.3"]
[White "Frankental, David"]
[Black "Da Silva, Cibele Florencio"]
[Result "1-0"]
[WhiteElo "1937"]
[BlackElo "1389"]
[PlyCount "157"]
[EventDate "2018.01.12"]
[EventType "swiss"]
[EventRounds "5"]
[EventCountry "BRA"]
[SourceTitle "EXT 2022"]
[Source "ChessBase"]
[SourceDate "2021.10.06"]
[SourceVersion "1"]
[SourceVersionDate "2021.10.06"]
[SourceQuality "1"]

1. d4 d5 2. Nf3 Nc6 3. g3 Nf6 4. Bg2 Bf5 5. c3 e6 6. Ne5 Bd6 7. f4 Nd7 8. 0-0 f6 9. Nxc6 bxc6 10. Nd2 0-0 11. e4 Bg6 12. e5 fxe5 13. fxe5 Be7 14. Nf3 Bh5 15. Be3 Rf7 16. Qd2 Qf8 17. Ng5 Bxg5 18. Bxg5 h6 19. Be3 Nb6 20. Rxf7 Bxf7 21. Rf1 Nc4 22. Qc1 Rb8 23. Bh3 Qe7 24. Bxh6 gxh6 25. Qxh6 Qf8 26. Qc1 Qg7 27. b3 Nb6 28. Rf4 Re8 29. Rg4 Bg6 30. Qg5 Kh7 31. Bf1 Nd7 32. h4 Re7 33. Qe3 Qh6 34. Rg5 Rf7 35. h5 Bf5 36. Bd3 Rg7 37. Bxf5+ exf5 38. Rxg7+ Kxg7 39. Qf3 Qg5 40. Kg2 Nf8 41. c4 Ne6 42. cxd5 cxd5 43. Kh3 Nxd4 44. Qxd5 Qxh5+ 45. Kg2 Qe2+ 46. Kh3 Nf3 47. Qd7+ Kg6 48. Qe8+ Kg7 49. Qd7+ Kg6 50. Qe6+ Kg5 51. Qf6+ Kh5 52. Qf7+ Kg5 53. Qg7+ Kh5 54. g4+ fxg4+ 55. Qxg4+ Kh6 56. Kg3 Qd3 57. Qxf3 Qg6+ 58. Kf4 Qf7+ 59. Ke3 Qe7 60. Qf6+ Qxf6 61. exf6 Kg6 62. Kd4 Kxf6 63. Kc5 Ke7 64. Kc6 Kd8 65. Kb7 a5 66. a4 Kd7 67. Ka6 Kc8 68. Kxa5 Kb7 69. Kb5 c6+ 70. Kc5 Kc7 71. a5 Kb7 72. b4 Kc7 73. a6 Kb8 74. Kxc6 Ka7 75. b5 Kb8 76. b6 Ka8 77. b7+ Kb8 78. a7+ Kxa7 79. Kc7 1-0

[Event "Potiguar-ch (Women)"]
[Site "Natal"]
[Date "2014.01.25"]
[Round "6"]
[White "Da Silva, Maria Gabriele"]
[Black "Da Silva, Cibele Florencio"]
[Result "1-0"]
[WhiteElo "1798"]
[BlackElo "1699"]
[PlyCount "85"]
[EventDate "2014.01.23"]
[EventType "swiss"]
[EventRounds "6"]
[EventCountry "BRA"]
[SourceTitle "EXT 2015"]
[Source "ChessBase"]
[SourceDate "2014.11.20"]
[SourceVersion "1"]
[SourceVersionDate "2014.11.20"]
[SourceQuality "1"]

1. e4 e5 2. Nf3 Nc6 3. Bc4 d6 4. 0-0 Bg4 5. Nc3 Bxf3 6. Qxf3 Qf6 7. Qxf6 Nxf6 8. d3 a6 9. a4 Be7 10. Nd5 Nxd5 11. exd5 Nd4 12. Bb3 Nxb3 13. cxb3 0-0 14. b4 a5 15. Bd2 axb4 16. Bxb4 Ra6 17. Rfc1 c6 18. dxc6 bxc6 19. a5 Bg5 20. Rcb1 Rb8 21. Bc3 Rb5 22. b4 Rd5 23. Rd1 c5 24. b5 Ra8 25. b6 c4 26. d4 exd4 27. Rxd4 Rb5 28. Rxd6 Rb3 29. Be1 Bf4 30. Rc6 Be5 31. Ra4 Rb1 32. g3 Rxe1+ 33. Kg2 Rc1 34. b7 Rf8 35. Rc8 Rb1 36. a6 Bd4 37. Raxc4 Ba7 38. Rxf8+ Kxf8 39. Rc8+ Ke7 40. Ra8 f5 41. Rxa7 Kd8 42. Ra8+ Kc7 43. Rc8+ 1-0

[Event "Potiguar-ch (Women)"]
[Site "Natal"]
[Date "2014.01.24"]
[Round "3"]
[White "Da Silva, Cibele Florencio"]
[Black "Da Silva, Kemmely Yasmin"]
[Result "1-0"]
[WhiteElo "1699"]
[BlackElo "1761"]
[PlyCount "105"]
[EventDate "2014.01.23"]
[EventType "swiss"]
[EventRounds "6"]
[EventCountry "BRA"]
[SourceTitle "EXT 2015"]
[Source "ChessBase"]
[SourceDate "2014.11.20"]
[SourceVersion "1"]
[SourceVersionDate "2014.11.20"]
[SourceQuality "1"]

1. e4 e5 2. Nf3 Nc6 3. Bb5 d6 4. Nc3 Bd7 5. d3 f5 6. Bxc6 bxc6 7. exf5 Bxf5 8. Qe2 Nf6 9. Bg5 h6 10. Bxf6 Qxf6 11. Ne4 Bxe4 12. Qxe4 d5 13. Qxe5+ Qe7 14. 0-0 Qxe5 15. Nxe5 c5 16. Rfe1 Rh7 17. Rad1 0-0-0 18. Nc6 Rd7 19. Nxa7+ Kb7 20. Nb5 g5 21. d4 cxd4 22. Rxd4 Bc5 23. Rd3 Rhf7 24. Re2 Rde7 25. Rxe7 Rxe7 26. g3 Re2 27. Nd4 Bxd4 28. Rxd4 c6 29. Rb4+ Kc7 30. c3 h5 31. a4 c5 32. Rb5 Kc6 33. Kf1 Rc2 34. h3 Rc1+ 35. Kg2 g4 36. Rb8 gxh3+ 37. Kxh3 Ra1 38. f4 Rxa4 39. f5 Ra7 40. g4 hxg4+ 41. Kxg4 Kd6 42. Kg5 Rg7+ 43. Kf6 Rg2 44. Kf7 Re2 45. f6 Rf2 46. Kg7 Rg2+ 47. Kf8 Ke6 48. f7 d4 49. cxd4 cxd4 50. Ke8 Rf2 51. f8Q Rxf8+ 52. Kxf8 Kd5 53. b4 1-0

[Event "Potiguar-ch"]
[Site "Natal"]
[Date "2013.10.04"]
[Round "6.14"]
[White "Lacerda, Gabriel Valero Bell"]
[Black "Da Silva, Cibele Florencio"]
[Result "1-0"]
[WhiteElo "1757"]
[BlackElo "1650"]
[PlyCount "35"]
[EventDate "2013.09.27"]
[EventType "swiss"]
[EventRounds "9"]
[EventCountry "BRA"]
[SourceTitle "EXT 2015"]
[Source "ChessBase"]
[SourceDate "2014.11.20"]
[SourceVersion "1"]
[SourceVersionDate "2014.11.20"]
[SourceQuality "1"]

1. e4 e5 2. Nf3 Nc6 3. Bb5 Qf6 4. 0-0 d6 5. Nc3 a6 6. Nd5 Qd8 7. Ba4 b5 8. Bb3 Be6 9. d3 h6 10. c3 Be7 11. d4 exd4 12. cxd4 Bf6 13. Nxf6+ Qxf6 14. d5 Bg4 15. dxc6 Bxf3 16. Qxf3 Qxf3 17. gxf3 Ne7 18. Bd5 1-0

[Event "Potiguar-ch"]
[Site "Natal"]
[Date "2013.09.29"]
[Round "4"]
[White "Da Silva, Cibele Florencio"]
[Black "Mendes, Kerolayne Iorrara A"]
[Result "1-0"]
[WhiteElo "1650"]
[BlackElo "1800"]
[PlyCount "73"]
[EventDate "2013.09.27"]
[EventType "swiss"]
[EventRounds "9"]
[EventCountry "BRA"]
[SourceTitle "EXT 2015"]
[Source "ChessBase"]
[SourceDate "2014.11.20"]
[SourceVersion "1"]
[SourceVersionDate "2014.11.20"]
[SourceQuality "1"]

1. e4 e5 2. Nc3 Nc6 3. Nf3 d6 4. Bb5 Bd7 5. d3 Nf6 6. Bg5 Be7 7. a3 0-0 8. Bxf6 Bxf6 9. Bxc6 Bxc6 10. h4 d5 11. Qd2 dxe4 12. Nxe4 Bxe4 13. dxe4 Qxd2+ 14. Nxd2 Rad8 15. Nf3 a5 16. 0-0 c5 17. Rfd1 Rxd1+ 18. Rxd1 g6 19. Rd7 b5 20. Rd5 Rc8 21. g3 b4 22. axb4 axb4 23. Nd2 c4 24. Rb5 Be7 25. c3 bxc3 26. bxc3 f6 27. Ra5 Rc5 28. Rxc5 Bxc5 29. Nxc4 Kf7 30. Kf1 Ke6 31. Ke2 Kd7 32. f3 Kc6 33. Ne3 Kb5 34. Ng4 Be7 35. Kd3 f5 36. exf5 gxf5 37. Nxe5 1-0